Pencemaran Alam Sekitar

Bibliographic Details
Main Author: Jasiman Ahmad
Format: Book
Published: Kuala Lumpur : Jade Green Publications Sdn Bhd , 2003
Series:Siri Kemusnahan Alam
Subjects:

MARC

LEADER 00000cam a2200000 7i4500
001 0000049455
005 20150629.0
008 150629
020 |a 9789832253952 
020 |a 9832253950 
090 0 0 |a 499.2386   |b JAS 
100 1 |a Jasiman Ahmad 
245 1 0 |a Pencemaran Alam Sekitar   |c Jasiman Ahmad 
260 |a Kuala Lumpur :   |b Jade Green Publications Sdn Bhd ,   |c 2003 
300 |a 72pg 
490 1 |a Siri Kemusnahan Alam 
650 0 |a Pollution   |x Environmental aspect 
999 |a 0000885496   |b Book   |c Adult Collection   |e Cawangan Muar 
999 |a 0000885498   |b Book   |c Adult Collection   |e Cawangan Mersing 
999 |a 0000885501   |b Book   |c Adult Collection   |e Cawangan Segamat 
999 |a 0000888080   |b Book   |c Adult Collection   |e Cawangan Mersing 
999 |a 0000888081   |b Book   |c Adult Collection   |e Cawangan Tmn. Ungku Tun Aminah